02570nam a2200229Ia 4500008004100000040001800041041000800059100008200067242018700149245017000336246017100506260008300677300001800760500061600778504002201394505080001416506002202216650002302238650002802261650002702289650002402316130821s fr gr spa  aCo-BoUCMbspa0 afre1 aMontesquieu, Charles Louis de Secondatcbaron de La Brède et ded1689-1755.00aEl espíritu de las leyecMontesquieu ; Con anotaciones de Voltaire, Crevier, Mably, la Harpe, etc. ; Seguido por la defensa de "El espíritu de las leyes", por el mismo autoryspa10aDe l'esprit des loiscpar Montesquieu ;Avec des notes de Voltaire, de Crevier, de Mably, de la Harpe, etc. ; Suivie de la defense de l'esprit des lois, par l'auteur.13a[El espíritu de las leyes: con anotaciones de Voltaire, Crevier, Mably, la Harpe, etc. ; Seguido por la defensa de "El espíritu de las leyes", por el mismo autor] aParís (Francia)bGarnier Frères, Libraires-èditeursc[fecha desconocida] a680 páginas aDetalles físicos: Encuadernación rígida (holandesa) en cartón duro forrado en papel jaspeado con deterioro en tapas, bordes y esquinas; lomo en piel de color rojo, con nervaduras y repujados; adornos y letras en dorado. Guardas. Anteportada. Portada sencilla impresa a una sola tinta. Texto impreso en una sola columna, sobre papel de calidad con márgenes amplios y notas marginales. Papel manchado. Ejemplar en buen estado de conservación. En la portada firma: "A. J. Cadavid", inscripción que se repite en el lomo. Y sello de tinta en el que se lee: "El Colegio de Nuestra Señora del Rosario". aIncluye índice. aSobre las leyes en general. ; Principio de los tres gobiernos. ; Consecuencias de los principios de gobierno. ; Consecuencias del principio de los tres gobiernos. ; Degeneración de los principios de los tres gobiernos. ; Las leyes y su relación con las fuerzas de defensa. ; Las leyes y su relación con las fuerzas de ofensa. ; Leyes que configuran la libertad política, en su relación con la constitución. ; Leyes que constituyen la libertad política. ; Las leyes y su relación con los climas. ; Las leyes de esclavitud y de servidumbre en su relación con el clima. ; Las leyes y su relación con el comercio. ; Las leyes y su relación con el número de población. ; Leyes en su relación con la religión. ; Las leyes y sus relaciones con las cosas que regulan (...). aConsulta en sala.04aCiencia política04aFilosofía del derecho04aFilosofía política04aTeoría del estado